Neoliberalismo y terrorismo: Nueva economía de terror /
محفوظ في:
| المؤلف الرئيسي: | |
|---|---|
| التنسيق: | نص |
| منشور في: |
México:
Instituto de Estudios de la Revolución Democrática
|
| الموضوعات: | |
| الوسوم: |
إضافة وسم
لا توجد وسوم, كن أول من يضع وسما على هذه التسجيلة!
|
MARC
| LEADER | 00000 a a2200000 04500 | ||
|---|---|---|---|
| 001 | 46090 | ||
| 003 | |||
| 040 | |||
| 090 | |a REV1555 (105-106) 2001 | ||
| 100 | |a Villegas Soto, Alvaro | ||
| 245 | |a Neoliberalismo y terrorismo: |b Nueva economía de terror / |c Alvaro Villegas Soto | ||
| 260 | |a México: |b Instituto de Estudios de la Revolución Democrática | ||
| 650 | |a NEOLIBERALISMO | ||
| 650 | |a TERRORISMO | ||
| 650 | |a MERCADO FINANCIERO INTERNACIONAL | ||
| 773 | |g ( , 1999, (105-106), 2001), página 53-58 | ||
| 999 | |c 28399 |d 28399 | ||
